Top 20 des Youtubeur français - Statistiques

Statistiques générales
  • Ce quiz a été pris 502 fois
  • Le résultat moyen est 9 sur 20
Statistiques - réponses
Rang Nb d'abonnés Youtubeur % Correct
2 19,5 Millions Squeezie
97%
1 26,5 Millions Tibo InShape
91%
6 10,4 Millions Michou
89%
9 9 Millions Inoxtag
88%
3 14,5 Millions Cyprien
78%
10 8,9 Millions Amixem
69%
18 6,5 Millions Mastu
69%
5 11,4 Millions Norman
69%
17 6,6 Millions Joyca
60%
13 7,5 Millions Mcfly et Carlito
54%
19 6,3 Millions Mister V
40%
7 9,7 Millions Lama Faché
30%
16 6,8 Millions Swan et Néo
20%
15 7,4 Millions Rémi Gaillard
15%
20 6,3 Millions FastGoodCuisine
12%
11 8,3 Millions Furious Jumper
10%
14 7,4 Millions Sympa
3%
8 9,7 Millions Tuvok12
3%
4 14,2 Millions Adel Sami
2%
12 7,5 Millions Tonyczh
1%
Aucun quiz correspondant
Distribution des résultats
% des personnes avec chaque résultat
Percentile par nombre de réponses
Votre historique - résultats
Vous n’avez pas pris ce quiz